BIBLIOTECA

SENCICO

Estructuración y diseño en concreto armado / (Registro nro. 4586)

Detalles MARC
000 -LEADER
fixed length control field 00707ngm a2200301 a 4500
003 - CONTROL NUMBER IDENTIFIER
control field OSt
005 - DATE AND TIME OF LATEST TRANSACTION
control field 20251020182653.0
008 - FIXED-LENGTH DATA ELEMENTS--GENERAL INFORMATION
fixed length control field 240217s9999 xx 000 0 und d
040 ## - CATALOGING SOURCE
Original cataloging agency PE SENCICO BE
Transcribing agency PE SENCICO BE
041 ## - LANGUAGE CODE
Language code of text/sound track or separate title spa
082 ## - DEWEY DECIMAL CLASSIFICATION NUMBER
Classification number A016
245 #0 - TITLE STATEMENT
Title Estructuración y diseño en concreto armado /
245 #0 - TITLE STATEMENT
Statement of responsibility, etc. CIP
260 ## - PUBLICATION, DISTRIBUTION, ETC.
Place of publication, distribution, etc. Lima
260 ## - PUBLICATION, DISTRIBUTION, ETC.
Name of publisher, distributor, etc. CIP
260 ## - PUBLICATION, DISTRIBUTION, ETC.
Date of publication, distribution, etc. 1995
300 ## - PHYSICAL DESCRIPTION
Extent 1 VIDEO
300 ## - PHYSICAL DESCRIPTION
Other physical details son., Col.
300 ## - PHYSICAL DESCRIPTION
Dimensions 2 hrs.
490 ## - SERIES STATEMENT
Series statement CONCRETO Y ACERO ESTRUCTURAL: 2da parte
500 ## - GENERAL NOTE
General note 2da. Parte
650 ## - SUBJECT ADDED ENTRY--TOPICAL TERM
Topical term or geographic name entry element CONCRETO
650 ## - SUBJECT ADDED ENTRY--TOPICAL TERM
Topical term or geographic name entry element DISEÑO EN CONCRETO ARMADO
650 ## - SUBJECT ADDED ENTRY--TOPICAL TERM
Topical term or geographic name entry element ESTRUCTURACION
651 ## - SUBJECT ADDED ENTRY--GEOGRAPHIC NAME
Geographic name PERÚ
910 ## - USER-OPTION DATA (OCLC)
User-option data ila.
942 ## - ADDED ENTRY ELEMENTS (KOHA)
Koha item type Videos
Source of classification or shelving scheme Dewey Decimal Classification
Existencias
Fecha de la última vez que lo usaron Pago total Signatura topográfica completa Código de barras Precio efectivo desde Tipo de documento Estado perdido Sistema de clasificación Estado dañado No es para préstamo Retirado Ubicación permanente Ubicación actual Fecha de adquisición
18/02/2024   016 Bib-Lima24020112 18/02/2024 Videos   Dewey Decimal Classification       Biblioteca Central Lima Biblioteca Central Lima 18/02/2024